GETS Theological Seminary Library

天国之秋 (Record no. 20053)

MARC details
000 -LEADER
fixed length control field 01029nam a2200277Ia 4500
003 - CONTROL NUMBER IDENTIFIER
control field OSt
005 - DATE AND TIME OF LATEST TRANSACTION
control field 20210407171749.0
008 - FIXED-LENGTH DATA ELEMENTS--GENERAL INFORMATION
fixed length control field 200826s9999||||xx |||||||||||||| ||und||
020 ## - INTERNATIONAL STANDARD BOOK NUMBER
International Standard Book Number 7509752647
020 ## - INTERNATIONAL STANDARD BOOK NUMBER
International Standard Book Number 9787509752647
040 ## - CATALOGING SOURCE
Transcribing agency GETS
041 ## - LANGUAGE CODE
Language code of text/sound track or separate title chi
Language code of original eng
050 ## - LIBRARY OF CONGRESS CALL NUMBER
Classification number DS759
Item number .P57 2014
100 ## - MAIN ENTRY--PERSONAL NAME
Personal name Platt, Stephen R.
245 #0 - TITLE STATEMENT
Title 天国之秋
Remainder of title = Autumn in the heavenly kingdom: China, the West, and the Epic story of the Taiping civil war /
Statement of responsibility, etc. 裴士锋 (Stephen R. Platt) 著; 黄中宪译
246 ## - VARYING FORM OF TITLE
Title proper/short title 天國之秋
Remainder of title /
260 ## - PUBLICATION, DISTRIBUTION, ETC.
Place of publication, distribution, etc. 北京 :
Name of publisher, distributor, etc. 社会科学文献出版社,
Date of publication, distribution, etc. 2014
300 ## - PHYSICAL DESCRIPTION
Extent 21, 529 p. :
Other physical details ill. ;
Dimensions 21 cm.
500 ## - GENERAL NOTE
General note Translation of: Autumn in the heavenly kingdom: China, the West, and the Epic story of the Taiping civil war.
650 ## - SUBJECT ADDED ENTRY--TOPICAL TERM
Topical term or geographic name entry element Americans--China--History--19th century. 
650 ## - SUBJECT ADDED ENTRY--TOPICAL TERM
Topical term or geographic name entry element Europeans--China--History--19th century. 
650 ## - SUBJECT ADDED ENTRY--TOPICAL TERM
Topical term or geographic name entry element Visitors, Foreign--China--History--19th century. 
700 ## - ADDED ENTRY--PERSONAL NAME
Personal name 裴士锋
700 ## - ADDED ENTRY--PERSONAL NAME
Personal name 黄中宪
942 ## - ADDED ENTRY ELEMENTS (KOHA)
Koha item type Chinese Book
Holdings
Withdrawn status Lost status Damaged status Not for loan Home library Current library Shelving location Date acquired Total Checkouts Full call number Barcode Date last seen Price effective from Koha item type
        GETS Theological Seminary Library GETS Theological Seminary Library General Stacks 08/26/2020   DS759 .P57 2014 00007550 08/26/2020 08/26/2020 English Books
OpacCredits

Contact the Librarian, GETS Library
Email: library@mygets.org









Implemented by GETS Library
(Powered by ETCA Professional Group)
GETS Theological Seminary
412 E. Rowland Street, CA 91723